00472nam a2200133Ia 4500008004100000100001500041245009000056245003700146260005300183260001800236300000800254650001500262856006100277170221s9999 xx 000 0 und d aAnwar Khan aPsychometric Testing of Oldenburg Burnout Inventory among Academic Staff in Pakistan  cAnwar Khan, Rosman Bin Md Yusoff bInternational Review of Management and Marketing cDecember 2013 a5:2 xMarketing. uhttp://www.econjournals.com/index.php/irmm/issue/view/88